| 000 | 00392nam a2200169Ia 4500 | ||
|---|---|---|---|
| 005 | 20250603144704.0 | ||
| 008 | 250603s9999 xx 000 0 und d | ||
| 020 | _a9789784877640 | ||
| 050 | _aHJ 3081 .C66/ | ||
| 245 | 0 | _aComprehensive tax history of Nigeria | |
| 260 | _aAbuja | ||
| 260 | _b Safari Books Ltd | ||
| 260 | _c2012 | ||
| 300 | _a385 p | ||
| 650 | _aAbuja | ||
| 942 | _cBK | ||
| 999 |
_c39663 _d39663 |
||